Stolice państw graniczących z Francją - Statystyki

Ogólne statystyki
  • Ten quiz został rozwiązany 19 razy
  • Średni wynik to 6 z 8
Statystyki odpowiedzi
Stolica % Poprawnych
Rzym
100%
Berno
86%
Bruksela
86%
Monako
86%
Berlin
79%
Luksemburg
79%
Madryt
79%
Andora la Vella
43%
Nie znaleziono quizów pasujących do podanych kryteriów
Rozkład punktacji
Procent ludzi z każdym wynikiem
Percentyl według liczby udzielonych odpowiedzi
Twoja historia wyników
Nie rozwiązałeś tego quizu